| 000 | 00491nam a2200157 4500 | ||
|---|---|---|---|
| 008 | 0 1989 0a 000 0SIN | ||
| 020 | _a0-07-100394-0 | ||
| 050 | _aQA76.73 L23 H48 | ||
| 082 | _a001.642.4 H765c | ||
| 100 | _aHennessey, Wade L. | ||
| 245 | _aCommon Lisp / Wade L. Hennessey | ||
| 260 | _aSingapore : McGraw-Hill | ||
| 300 | _axv, 395 p. / 24 cm. | ||
| 500 | _aIncluye bibliografía, índice. | ||
| 650 | _a1.COMMON LISP (LENGUAJE DE PROGRAMACIÓN PARA COMPUTADORAS) | ||
| 999 |
_c12094 _d12094 |
||